Diedrich Bader Filmography - Statistics

General Stats
  • This quiz has been taken 22 times
    12 since last reset
  • The average score is 28 of 253
Answer Stats
Type Year Name % Correct
Film 1999 Hercules: Zero to Hero
100%
Film 2015 All She Wishes
50%
Film 2006 Asterix and the Vikings
50%
Film 2012 Atlas Shrugged: Part II
50%
Film 2007 Balls of Fury
50%
Film 1999 Bartok the Magnificent
50%
Film 2008 Bolt
50%
Commercial 1992 Bud Dry
50%
Film 2000 Buzz Lightyear of Star Command: The Adventure Begins
50%
Film 2009 Calvin Marshall
50%
Film 2006 Cattle Call
50%
Film 1999 Certain Guys
50%
Film 2007 Cook Off!
50%
Film 2000 Couple Days... A Period Piece
50%
Film 2004 Dead & Breakfast
50%
TV Film 1988 Desert Rats
50%
Film 2005 Dinotopia: Quest for the Ruby Sunstone
50%
TV Show 1998-1999 Disney's Hercules: The Animated Series
50%
Film 2004 EuroTrip
50%
Film 2003 Evil Alien Conquerors
50%
Film 2002 Ice Age
50%
Film 2001 Jay and Silent Bob Strike Back
50%
Film 2014 JLA Adventures: Trapped in Time
50%
Film 2015 Lego DC Comics Super Heroes: Justice League vs. Bizarro League
50%
TV Film 1988 Longarm
50%
Film 2008 Meet the Spartans
50%
Film 2005 Miss Congeniality 2: Armed and Fabulous
50%
Film 2004 Napoleon Dynamite
50%
TV Show 2012 Napoleon Dynamite
50%
Film 1999 Office Space
50%
Film 2008 Open Season 2
50%
Film 2013 Playdate
50%
Film 2016 Pup Star
50%
Film 2001 Recess: School's Out
50%
Film 2012 Santa Paws 2: The Santa Pups
50%
Film 2012 Sassy Pants
50%
Film 2014 Scooby-Doo! Frankencreepy
50%
Film 2013 Scooby-Doo! Mask of the Blue Falcon
50%
Film 2015 Scooby-Doo! Moon Monster Madness
50%
Film 2009 Space Buddies
50%
Film 2011 Spooky Buddies
50%
Film 2007 Sunny & Share Love You
50%
Film 2013 Superman: Unbound
50%
Film 2007 Surf's Up
50%
Video Game 2007 Surf's Up
50%
Film 2016 Surf's Up 2: WaveMania
50%
Film 1994 Teresa's Tattoo
50%
TV Film 1996 The Assassination File
50%
Film 1993 The Beverly Hillbillies
50%
Film 2002 The Country Bears
50%
TV Film 1989 The Preppie Murder
50%
Film 2010 The Search for Santa Paws
50%
Film 2013 The Starving Games
50%
Film 2015 Top Cat Begins
50%
Film 2010 Vampires Suck
50%
TV Show 1990 21 Jump Street
0%
TV Show 2007 7th Heaven
0%
Commercial 1994 7UP
0%
TV Short 2002 A Baby Blues Christmas Special
0%
TV Show 1995 All-American Girl
0%
Web Series 2014-2017 All Hail King Julien
0%
TV Show 2017, 2019, 2023 American Dad!
0%
TV Show 2016-2022 American Housewife
0%
TV Show 2019 Amphibia
0%
Web Series 2020 Animaniacs
0%
Short Film 1990 Arduous Man
0%
Short Film 1990 Arduous Moon
0%
TV Show 2013 Arrested Development
0%
TV Show 2017 Avengers Assemble
0%
TV Show 2000-2002 Baby Blues
0%
TV Show 2013 Baby Daddy
0%
Web Series 2024 Barbie Mysteries
0%
TV Show 2001 Batman Beyond
0%
Web Series 2024 Batman: Caped Crusader
0%
TV Show 2008-2011 Batman: The Brave and the Bold
0%
Video Game 2010 Batman: The Brave and the Bold - The Videogame
0%
TV Show 2015 Be Cool, Scooby-Doo!
0%
TV Show 2010 Ben 10: Alien Force
0%
TV Show 2014 Ben 10: Omniverse
0%
TV Show 2011 Ben 10: Ultimate Alien
0%
TV Show 2016-2022 Better Things
0%
TV Show 2017-2021 Big Hero 6: The Series
0%
TV Show 1992 Bill & Ted's Excellent Adventures
0%
Web Series 2017 Bill Nye Saves the World
0%
Web Series 2016-2020 BoJack Horseman
0%
TV Show 2009, 2010 Bones
0%
TV Mini-Series 1990 Broken Badges
0%
TV Show 2000-2001 Buzz Lightyear of Star Command
0%
Video Game 2011 Cartoon Network: Punch Time Explosion
0%
Video Game 2009 Cartoon Network Universe: FusionFall
0%
TV Show 2004-2005 Center of the Universe
0%
TV Show 1990, 1991 Cheers
0%
TV Show 2013 CH:OS:EN
0%
TV Show 2013 Chosen
0%
TV Show 2007, 2009 Chowder
0%
TV Show 2010 Chuck
0%
TV Show 2021 Cinema Toast
0%
Web Series 2025 Creature Commandos
0%
Commercial 1999 Crispy M&M's
0%
TV Show 2008 CSI: Crime Scene Investigation
0%
TV Show 2009 CSI: Miami
0%
TV Show 2007 Curb Your Enthusiasm
0%
TV Show 1993 Danger Theatre
0%
TV Show 2004 Dave the Barbarian
0%
TV Show 2012-2013 DC Nation's Farm League
0%
TV Show 1995 Diagnosis: Murder
0%
TV Show 2009 Drop Dead Diva
0%
Web Series 2017 Dropping the Soap
0%
Film 2018 Duck Duck Goose
0%
TV Show 2022 Duncanville
0%
Podcast 2021 Edith!
0%
TV Show 2015 Everyone's Crazy But Us
0%
TV Show 2024 Firebuds
0%
Music Video 2017 Fire in Cairo
0%
TV Show 2013 Fish Hooks
0%
TV Show 1992 Flying Blind
0%
TV Show 1995 Frasier
0%
TV Show 1996 Gargoyles
0%
TV Show 1990 Grand
0%
TV Show 2012, 2014 Gravity Falls
0%
TV Show 2012, 2013 Green Lantern: The Animated Series
0%
TV Show 2016 Guardians of the Galaxy
0%
TV Show 2023-2025 Hamster & Gretel
0%
Web Series 2019-Present Harley Quinn
0%
TV Show 2005, 2007 Higglytown Heroes
0%
TV Special 2015 Ho Ho Holiday Special
0%
TV Film 2024 Holiday Touchdown: A Chiefs Love Story
0%
TV Special 2007 Holly Hobbie and Friends: Best Friends Forever
0%
TV Special 2006 Holly Hobbie and Friends: Christmas Wishes
0%
Short Film 2007 Holly Hobbie and Friends: Secret Adventures
0%
TV Special 2006 Holly Hobbie and Friends: Surprise Party
0%
TV Show 2006 Home Purchasing Club
0%
Film 2019 Jay and Silent Bob Reboot
0%
Commercial 2004 JC Penney
0%
TV Show 2016-2018 Justice League Action
0%
Video Game 2023 Justice League: Cosmic Chaos
0%
Short Film 2024 Kairos
0%
Web Series 2017 Kevin Pollak's Chat Show
0%
TV Show 2002, 2003, 2007 Kim Possible
0%
TV Film 2005 Kim Possible Movie: So the Drama
0%
TV Show 1999, 2007, 2009 King of the Hill
0%
TV Short 2006 Korgoth and Barbaria
0%
TV Show 2024, 2025 Krapopolis
0%
TV Show 2011-2016 Kung Fu Panda: Legends of Awesomeness
0%
TV Show 2001-2003 Lloyd in Space
0%
TV Show 2023 Lucky Hank
0%
TV Show 2010-2011 Mad
0%
Video Game 2019 Marvel Ultimate Alliance 3: The Black Order
0%
Web Series 2021 Masters of the Universe: Revelation
0%
Web Series 2024 Masters of the Universe: Revolution
0%
TV Show 2010 Medium
0%
TV Special 2017 Michael Jackson's Halloween
0%
TV Show 2015-2018 Miles from Tomorrowland
0%
TV Show 2016-2019 Milo Murphy's Law
0%
TV Show 2007 Monk
0%
TV Show 2013-2014 Monsters vs. Aliens
0%
TV Show 2006 Mr. Nice Guy
0%
Film 2017 Muffin Top: A Love Story
0%
TV Show 1997 Murphy Brown
0%
Staged Reading 2025 Mynocks from Space: A Live Staged Reading of Star Wars - The Empire Strikes Back
0%
TV Short 2009 Neighborwood
0%
Web Series 2020 New Looney Tunes
0%
TV Show 1999, 2001 Norm
0%
TV Show 2012 NTSF:SD:SUV::
0%
TV Show 2017 OK K.O.! Let's Be Heroes
0%
TV Film 1999 Olive, the Other Reindeer
0%
Short Film 2022 Open and Shut
0%
TV Show 2010-2011 Outsourced
0%
Film 2025 Paradise Records
0%
TV Show 2000 Pepper Ann
0%
Web Series 2021-2022 Pete the Cat
0%
Short Film 2020 Phantom Spectre
0%
TV Show 2008-2014 Phineas and Ferb
0%
Film 2020 Phineas and Ferb the Movie: Candace Against the Universe
0%
Film 2019 Phoenix, Oregon
0%
TV Show 2017 Pig Goat Banana Cricket
0%
TV Show 2017 Playing House
0%
TV Show 2012, 2013 Pound Puppies
0%
TV Show 2011 Psych
0%
Film 2018 Puppy Star Christmas
0%
Film 2018 Pup Star: World Tour
0%
TV Show 1990 Quantum Leap
0%
TV Show 2013 Raising Hope
0%
TV Show 2017-2020 Rapunzel's Tangled Adventure
0%
TV Show 2008 Reno 911!
0%
TV Show 2022 Rick and Morty
0%
TV Special 2001 Rock & Roll Back to School Special
0%
TV Show 2024 Rock, Paper, Scissors
0%
Web Series 2025 Running Point
0%
TV Show 2016 Rush Hour
0%
TV Show 2013 Save Me
0%
Film 2018 Scooby-Doo! & Batman: The Brave and the Bold
0%
TV Special 2021 Scooby-Doo, Where Are You Now?
0%
TV Show 1991 Shannon's Deal
0%
TV Show 2006 Shark
0%
Film 2023 Shazam! Fury of the Gods
0%
TV Show 2016 Sheriff Callie's Wild West
0%
TV Film 2008 Skip Tracer
0%
Video Game 2015 Skylanders: SuperChargers
0%
TV Show 2005 South Park
0%
Web Series 2020-2022 Space Force
0%
Film 2024 Spread
0%
Web Series 2012 Squad 85
0%
TV Show 1989 Star Trek: The Next Generation
0%
TV Show 2005 Still Standing
0%
Film 2020 Superman: Red Son
0%
TV Mini-Series 2013 Super-Pets
0%
TV Mini-Series 2013 Tales of Metropolis
0%
TV Film 2017 Tangled: Before Ever After
0%
TV Show 2002 Teamo Supremo
0%
TV Show 2014 Teenage Mutant Ninja Turtles
0%
TV Show 2022 The $100,000 Pyramid
0%
Film 2024 The 4:30 Movie
0%
TV Show 2006, 2007, 2008 The Batman
0%
Web Series 2022-2023 The Boss Baby: Back in the Crib
0%
TV Show 1995-2004 The Drew Carey Show
0%
TV Show 2012-2013 The Exes
0%
TV Show 1991 The Fresh Prince of Bel-Air
0%
TV Show 2021-2024 The Ghost and Molly McGee
0%
TV Show 2015 The Goldbergs
0%
TV Show 2009 The Goode Family
0%
Video Game 2006 The Grim Adventures of Billy & Mandy
0%
TV Show 2002-2007 The Grim Adventures of Billy & Mandy
0%
Podcast 2021 The Lamb
0%
TV Show 2001 The Legend of Tarzan
0%
TV Show 2021 The Loud House
0%
Podcast 2022 The Peepkins
0%
TV Show 2009-2012, 2015 The Penguins of Madagascar
0%
TV Show 2006, 2009 The Replacements
0%
TV Show 2008-2010 The Secret Saturdays
0%
Video Game 2009 The Secret Saturdays: Beasts of the 5th Sun
0%
TV Show 2000 The Simpsons
0%
TV Show 2001-2002 The Zeta Project
0%
Commercial 2016 Time Warner Cable
0%
Web Series 2022-2023 Transformers: Earthspark
0%
TV Show 2015 Transformers: Rescue Bots
0%
TV Show 2014-2016 TripTank
0%
Web Series 2013-2015 Turbo FAST
0%
TV Show 2014 Two and a Half Men
0%
TV Show 2013-2017 Ultimate Spider-Man
0%
TV Film 2008 Underfist: Halloween Bash
0%
TV Film 2005 Untitled Oakley & Weinstein Project
0%
TV Show 2014-2019 Veep
0%
TV Show 2017-2018 Wacky Races
0%
Commercial 2022 Walmart
0%
TV Show 2016 We Bare Bears
0%
Film 2022 Weird: The Al Yankovic Story
0%
TV Show 2013 Welcome to the Family
0%
TV Show 2002 What a Cartoon!
0%
TV Show 2003 What's New, Scooby-Doo?
0%
TV Show 2009 Worst Week
0%
Commercial 1997-2000 Xerox Document Centre
0%
TV Show 2019 young Sheldon
0%
No matching quizzes found
Score Distribution
Percent of People with Each Score
Percentile by Number Answered
Your Score History
You have not taken this quiz since the last reset